Sports Quiz

Random Sports or Baseball Quiz

Top 10 Career Home Runs per franchise Quiz Stats

 Plays Quiz not verified by Sporcle

Score 0/300 Timer 20:00
0 Plays Today
Hint Answer % Correct
Atlanta BravesHank Aaron
97.6%
Boston Red SoxTed Williams
97.6%
Arizona DbacksMatt Williams
97.4%
Baltimore Orioles (Browns)Ken Williams
97.4%
Chicago CubsBilly Williams
97.4%
New York YankeesBernie Williams
97.4%
Philadelphia PhilliesCy Williams
97.4%
San Francisco GiantsMatt Williams
97.4%
New York YankeesBabe Ruth
97.2%
Cincinnati RedsKen Griffey
97%
New York YankeesMickey Mantle
97%
Seattle MarinersKen Griffey
97%
Atlanta BravesChipper Jones
96.1%
Atlanta BravesAndruw Jones
96.1%
Baltimore Orioles (Browns)Adam Jones
96.1%
New York YankeesAlex Rodriguez
96.1%
Pittsburgh PiratesBarry Bonds
96.1%
San Francisco GiantsBarry Bonds
96.1%
Seattle MarinersAlex Rodriguez
96.1%
Texas RangersAlex Rodriguez
96.1%
Chicago White SoxFrank Thomas
95.9%
Milwaukee BrewersGorman Thomas
95.9%
Pittsburgh PiratesFrank Thomas
95.9%
San Francisco GiantsBobby Bonds
95.9%
Texas RangersIvan Rodriguez
95.7%
Kansas City RoyalsGeorge Brett
95.3%
San Francisco GiantsWillie Mays
95.3%
Arizona DbacksLuis Gonzalez
94.7%
Colorado RockiesCarlos Gonzalez
94.7%
Baltimore Orioles (Browns)Brooks Robinson
94.5%
Baltimore Orioles (Browns)Frank Robinson
94.5%
Chicago CubsSammy Sosa
94.5%
Cincinnati RedsFrank Robinson
94.5%
Oakland AthleticsMark McGwire
94.5%
San Diego PadresAdrian Gonzalez
94.5%
St. Louis CardinalsMark McGwire
94.5%
Texas RangersJuan Gonzalez
94.5%
Houston AstrosJeff Bagwell
94.3%
Minnesota TwinsHarmon Killebrew
94.3%
Philadelphia PhilliesMike Schmidt
93.3%
Baltimore Orioles (Browns)Cal Ripken Jr.
93.1%
Colorado RockiesTodd Helton
93.1%
Los Angeles Angels of AnaheimReggie Jackson
93.1%
Oakland AthleticsReggie Jackson
93.1%
New York YankeesLou Gehrig
92.9%
Boston Red SoxDavid Ortiz
92.9%
Chicago CubsErnie Banks
92.9%
St. Louis CardinalsStan Musial
92.9%
Cincinnati RedsJohnny Bench
92.5%
Houston AstrosCraig Biggio
92.3%
Philadelphia PhilliesRyan Howard
91.5%
Boston Red SoxCarl Yastrzemski
91.3%
Seattle MarinersEdgar Martinez
91.3%
St. Louis CardinalsAlbert Pujols
91.3%
Texas RangersFrank Howard
91.3%
Boston Red SoxManny Ramirez
91.1%
Chicago CubsAramis Ramirez
91.1%
Cleveland IndiansManny Ramirez
91.1%
Cleveland IndiansJim Thome
90.9%
Miami MarlinsHanley Ramirez
90.9%
Pittsburgh PiratesWillie Stargell
88.8%
Colorado RockiesLarry Walker
88.4%
Detroit TigersAl Kaline
88.4%
New York YankeesJoe Dimaggio
88.4%
Detroit TigersMiguel Cabrera
87.6%
Miami MarlinsMiguel Cabrera
87.6%
New York MetsDavid Wright
87.6%
Tampa Bay RaysEvan Longoria
87.6%
New York MetsDarryl Strawberry
87%
San Francisco GiantsWillie McCovey
87%
Los Angeles Angels of AnaheimVladimir Guerrero
86.8%
Los Angeles DodgersPedro Guerrero
86.8%
Washington Nationals (Expos)Vladimir Guerrero
86.8%
Milwaukee BrewersRobin Yount
86.6%
New York YankeesYogi Berra
86.6%
Toronto Blue JaysJoe Carter
86.6%
Washington Nationals (Expos)Gary Carter
86.6%
Baltimore Orioles (Browns)Eddie Murray
86.4%
Milwaukee BrewersRyan Braun
86.4%
Seattle MarinersJay Buhner
86.2%
Arizona DbacksJay Bell
85.8%
Toronto Blue JaysGeorge Bell
85.8%
Oakland AthleticsJose Canseco
85.6%
Toronto Blue JaysCarlos Delgado
85.6%
Detroit TigersCecil Fielder
85.2%
Milwaukee BrewersPrince Fielder
85.2%
Cleveland IndiansAlbert Belle
85%
New York MetsHoward Johnson
85%
Oakland AthleticsBob Johnson
85%
Cincinnati RedsEric Davis
84.8%
Houston AstrosGlenn Davis
84.8%
Los Angeles Angels of AnaheimChili Davis
84.8%
Miami MarlinsGiancarlo Stanton
84.8%
Seattle MarinersAlvin Davis
84.8%
Atlanta BravesEddie Mathews
84.6%
San Francisco GiantsMel Ott
84.6%
Los Angeles DodgersMike Piazza
84.4%
New York MetsMike Piazza
84.4%
Chicago White SoxPaul Konerko
84.2%
Boston Red SoxJimmie Foxx
84%
Hint Answer % Correct
Minnesota TwinsKirby Puckett
84%
Oakland AthleticsJimmie Foxx
84%
Boston Red SoxJim Rice
83.8%
Baltimore Orioles (Browns)Brady Anderson
83.6%
Los Angeles Angels of AnaheimGarret Anderson
83.6%
Los Angeles DodgersDuke Snider
83.6%
Houston AstrosLance Berkman
82.8%
Philadelphia PhilliesChase Utley
81.9%
New York YankeesDerek Jeter
81.3%
Toronto Blue JaysJose Bautitsta
81.3%
Pittsburgh PiratesRoberto Clemente
81.1%
San Diego PadresKhalil Greene & Fred McGriff
79.1%
Colorado RockiesDante Bichette
78.9%
Colorado RockiesAndres Galarraga
78.9%
Washington Nationals (Expos)Andres Galarraga
78.9%
Cincinnati RedsTony Perez
78.5%
Colorado RockiesTroy Tulowitzki
78.5%
Los Angeles Angels of AnaheimTim Salmon
78.5%
Boston Red SoxDwight Evans
77.9%
Chicago CubsHack Wilson
77.9%
Miami MarlinsPreston Wilson
77.9%
Chicago CubsRyne Sandberg
77.7%
Detroit TigersHank Greenberg
77.5%
Atlanta BravesDale Murphy
77.3%
Kansas City RoyalsCarlos Beltran
76.7%
New York MetsCarlos Beltran
76.7%
San Diego PadresDave Winfield
76.7%
Tampa Bay RaysCarlos Pena
76.7%
Tampa Bay RaysFred McGriff
76.7%
Washington Nationals (Expos)Andre Dawson
76.7%
Miami MarlinsGary Sheffield
76.1%
Baltimore Orioles (Browns)Rafael Palmeiro
75.5%
Philadelphia PhilliesJimmy Rollins
75.5%
San Diego PadresTony Gwynn
75.5%
Texas RangersRafael Palmeiro
75.5%
Milwaukee BrewersPaul Molitor
74.8%
Chicago CubsRon Santo
74.4%
Chicago White SoxCarlton Fisk
74.4%
Minnesota TwinsKent Hrbek
74.4%
Colorado RockiesVinny Castilla
74.2%
Chicago White SoxCarlos Lee
73.6%
Houston AstrosCarlos Lee
73.6%
Miami MarlinsDerrek Lee
73.6%
Pittsburgh PiratesRalph Kiner
72%
Baltimore Orioles (Browns)Boog Powell
71.6%
Kansas City RoyalsFrank White
71.2%
Washington Nationals (Expos)Rondell White
71.2%
Washington Nationals (Expos)Ryan Zimmerman
71%
Los Angeles DodgersSteve Garvery
70.8%
Cincinnati RedsAdam Dunn
70.2%
St. Louis CardinalsJim Edmonds
70%
San Francisco GiantsWill Clark
69.8%
Minnesota TwinsJustin Morneau
69.4%
Boston Red SoxMo Vaughn
69.2%
Milwaukee BrewersGreg Vaughn
69.2%
Tampa Bay RaysGreg Vaughn
69.2%
Arizona DbacksChris Young
69%
Pittsburgh PiratesKevin Young
69%
Texas RangersMichael Young
69%
Toronto Blue JaysEdwin Encarnacion
68.8%
Los Angeles DodgersGil Hodges
68.6%
Los Angeles Angels of AnaheimTroy Glaus
68%
Minnesota TwinsTorii Hunter
67.5%
Oakland AthleticsJason Giambi
67.5%
Cincinnati RedsGeorge Foster
66.9%
Texas RangersNelson Cruz
66.9%
Houston AstrosJose Cruz
66.7%
Los Angeles DodgersRon Cey
66.5%
Arizona DbacksJustin Upton
66.1%
Tampa Bay RaysMelvin Upton
66.1%
Chicago White SoxJermaine Dye
65.9%
Minnesota TwinsGary Gaetti
65.7%
San Francisco GiantsJeff Kent
65.7%
New York YankeesJorge Posada
65.1%
Pittsburgh PiratesDave Parker
65.1%
Pittsburgh PiratesJason Bay
65.1%
Arizona DbacksPaul Goldschmidt
64.9%
Miami MarlinsDan Uggla
64.7%
Colorado RockiesMatt Holliday
64.5%
Tampa Bay RaysCarl Crawford
64.5%
Detroit TigersLou Whitaker
64.3%
Kansas City RoyalsMike Sweeney
64.3%
Detroit TigersNorm Cash
63.9%
Milwaukee BrewersCecil Cooper
63.5%
New York MetsDave Kingman
63.3%
Arizona DbacksMark Reynolds
63.1%
Cincinnati RedsBarry Larkin
62.1%
Atlanta BravesJavy Lopez
61.9%
Seattle MarinersBret Boone
61.5%
Los Angeles DodgersRoy Campanella
61.3%
Chicago White SoxMagglio Ordonez
60.9%
Seattle MarinersRichie Sexson
60.9%
Colorado RockiesEllis Burks
60.4%
New York YankeesGraig Nettles
60.2%
San Diego PadresKen Caminiti
60.2%
Arizona DbacksSteve Finley
59.6%
Oakland AthleticsAl Simmons
59.6%
St. Louis CardinalsTed Simmons
59.6%
San Francisco GiantsOrlando Cepeda
59.4%
Toronto Blue JaysVernon Wells
59.4%
Hint Answer % Correct
Kansas City RoyalsHal McRae
57.6%
Cincinnati RedsTed Kluszewski
57.4%
Chicago White SoxHarold Baines
57.2%
San Diego PadresNate Colbert
57%
Los Angeles DodgersEric Karros
56%
St. Louis CardinalsRogers Hornsby
56%
Washington Nationals (Expos)Tim Wallach
55.4%
Toronto Blue JaysJesse Barfield
55.2%
Philadelphia PhilliesGreg Luzinski
54.8%
Tampa Bay RaysBen Zobrist
54.6%
Oakland AthleticsEric Chavez
54.4%
St. Louis CardinalsJohnny Mize
54.4%
Detroit TigersLance Parrish
53.8%
Miami MarlinsMike Lowell
53.8%
Washington Nationals (Expos)Larry Parrish
53.8%
Los Angeles DodgersMatt Kemp
53.1%
Philadelphia PhilliesChuck Klein
53.1%
Philadelphia PhilliesDick Allen
52.9%
Los Angeles Angels of AnaheimDon Baylor
52.7%
Cincinnati RedsJay Bruce
52.5%
Kansas City RoyalsAlex Gordon
52.3%
Miami MarlinsJeff Conine
52.1%
Chicago White SoxRobin Ventura
51.7%
Cleveland IndiansTravis Hafner
51.5%
Minnesota TwinsTony Oliva
51.5%
Cleveland IndiansRocky Colavito
51.3%
Houston AstrosCesar Cedeno
51.3%
Kansas City RoyalsAmos Otis
50.9%
Tampa Bay RaysAubrey Huff
50.7%
Pittsburgh PiratesBrian Giles
50.5%
Houston AstrosJim Wynn
50.1%
Atlanta BravesBob Horner
48.9%
Milwaukee BrewersBen Oglivie
48.3%
Philadelphia PhilliesPat Burrell
48.1%
Los Angeles Angels of AnaheimBrian Downing
47.5%
Kansas City RoyalsJohn Mayberry
47.3%
St. Louis CardinalsRay Lankford
47.3%
Seattle MarinersRaul Ibanez
46.9%
Boston Red SoxBobby Doerr
46.7%
San Diego PadresPhil Nevin
46.7%
Milwaukee BrewersGeoff Jenkins
46%
St. Louis CardinalsKen Boyer
46%
Texas RangersRuben Sierra
46%
Kansas City RoyalsBilly Butler
45.4%
San Diego PadresRyan Klesko
45.4%
Minnesota TwinsTom Brunansky
45%
Oakland AthleticsSal Bando
44.8%
Houston AstrosRichard Hidalgo
44.6%
Milwaukee BrewersJeromy Burnitz
43.8%
Detroit TigersWillie Horton
43.4%
Minnesota TwinsBob Allison
43.4%
Cleveland IndiansAl Rosen
42.6%
Kansas City RoyalsDanny Tartabull
42.6%
Los Angeles Angels of AnaheimBobby Grich
42%
New York MetsTodd Hundley
40.4%
Cleveland IndiansEarl Averill
39.4%
Washington Nationals (Expos)Jose Vidro
39.4%
Baltimore Orioles (Browns)Ken Singleton
38.7%
Chicago CubsGabby Hartnett
38.7%
New York MetsEd Kranepool
38.7%
Cleveland IndiansLarry Doby
37.7%
Texas RangersDean Palmer
37.7%
Atlanta BravesBrian McCann
36.3%
New York MetsKevin McReynolds
35.9%
Texas RangersIan Kinsler
35.9%
Cleveland IndiansAndre Thornton
35.5%
Atlanta BravesJoe Adcock
35.1%
Philadelphia PhilliesDel Ennis
35.1%
Toronto Blue JaysLloyd Moseby
34.1%
Cleveland IndiansHal Trosky
33.5%
Boston Red SoxRico Petrocelli
33.1%
Pittsburgh PiratesBill Mazeroski
33.1%
Los Angeles Angels of AnaheimDoug DeCinces
32.7%
San Francisco GiantsBobby Thomson
32.7%
Miami MarlinsCliff Floyd
31.6%
New York MetsEdgardo Alfonzo
30.6%
San Diego PadresChase Headley
30.6%
Detroit TigersRudy York
30.2%
Chicago CubsHank Sauer
30%
Chicago White SoxRon Kittle
30%
Minnesota TwinsRoy Sievers
29.8%
Colorado RockiesBrad Hawpe
28.4%
Toronto Blue JaysAdam Lind
28%
San Diego PadresBenito Santiago
27.6%
Arizona DbacksMiguel Montero
27.4%
Detroit TigersBill Freehan
25.6%
Seattle MarinersJim Presley
25.6%
St. Louis CardinalsJim Bottomley
24.1%
Atlanta BravesWally Berger
23.5%
Chicago CubsBill Nicholson
21.5%
Chicago White SoxMill Melton
20.7%
Seattle MarinersKen Phelps
20.1%
Toronto Blue JaysErnie Whitt
19.9%
Oakland AthleticsGus Zernial
19.7%
Houston AstrosBob Watson
19.5%
Los Angeles DodgersCarl Furillo
18.9%
Tampa Bay RaysJonny Gomes
18.9%
Arizona DbacksChad Tracy
15.4%
Tampa Bay RaysMatthew Joyce
13%
Washington Nationals (Expos)Bob Bailey
11.6%

You're not logged in!

Compare scores with friends on all Sporcle quizzes.
Join for Free
OR
Log In

You Might Also Like...

Show Comments

Extras

Top Quizzes Today


Score Distribution

Your Account Isn't Verified!

In order to create a playlist on Sporcle, you need to verify the email address you used during registration. Go to your Sporcle Settings to finish the process.

Report this User

Report this user for behavior that violates our Community Guidelines.

Details: